| 000 | 00994nam a2200265 a 4500 | ||
|---|---|---|---|
| 001 | 48063 | ||
| 003 | BD-RjUL | ||
| 005 | 20211209054443.0 | ||
| 008 | 160811s1955 nyu b 000 0 eng | ||
| 035 | _a(BD-RjUL)48182 | ||
| 035 | _a(OCoLC)185905 | ||
| 040 |
_aDLC _cODaWU _dOCoLC _dNBrockU _dDLC _dBD-RjUL _beng |
||
| 041 | _aeng | ||
| 082 |
_a371.42 _bCON 1955 |
||
| 245 | 1 | 0 |
_aCounseling and guidance in general education / _cedited by Melvene Draheim Hardee;under sponsorship of the National Committee on General Education, Association for Higher Education, National Education Association. |
| 260 |
_aYonkers-on-Hudson : _bWorld Book Co., _c1955 |
||
| 300 |
_axix, 444 p. _c23 cm. |
||
| 490 | 0 | _aProfessional books in education | |
| 504 | _aBibliography: p. 427-434. Bibliographical footnotes. | ||
| 650 | 0 |
_aCounseling in higher education. _9145719 |
|
| 650 | 0 |
_aGeneral education. _9145720 |
|
| 700 |
_aHardee, Melvene Draheim, _9145721 |
||
| 942 |
_2ddc _cBK |
||
| 999 |
_c48063 _d48063 |
||